000 00867nam a22002657a 4500
001 36577
003 BD-RjUL
005 20211209052515.0
008 140705s2005 bg ||||| b||| 001 0 mul d
020 _a9843228324
035 _a(BD-RjUL) 36678
040 _aBD-RjUL
_beng
_cBD-RjUL
041 _aeng
_aben
082 _a025
_bMOB 2005
100 _aMostafa. Md. Golam
_9111419
245 _aA book of some selected articles on library and information science /
_cMd.Golam Mostafa, M. Mezbeh-ul-Islam, Md.Hanif Uddin
260 _aRajshahi, Bangladesh :
_bFouzia Prokashoni,
_c2005
300 _a183 p.:
_c21 cm.
490 _aLibrary and information Science Series
_vno. 4
504 _aIncludes Bibliography and Index
650 _aLibrary Science
_9111420
700 _aIslam, M.Mezbah-ul
_9111421
700 _aUddin, Md. Hanif
_91495
942 _2ddc
_cBK
999 _c36577
_d36577